| 000 | 00677cam a22002293a 4500 | ||
|---|---|---|---|
| 001 | 19379 | ||
| 003 | PGUSA | ||
| 005 | 20140828083418.0 | ||
| 008 | 060926s2006||||xxu|||||s|||||000 | eng d | ||
| 040 |
_aPGUSA _beng |
||
| 042 | _adc | ||
| 050 | 4 | _aD501 | |
| 100 | 1 |
_aThompson, Edward John, _d1886-1946 |
|
| 245 | 1 | 4 |
_aThe Leicestershires beyond Baghdad _h[electronic resource] / _cEdward John Thompson |
| 260 |
_bProject Gutenberg, _c2006 |
||
| 506 | _aPublic domain in the USA. | ||
| 516 | _aElectronic text | ||
| 653 | _aWorld War, 1914-1918 -- Campaigns -- Iraq | ||
| 830 | 0 |
_aProject Gutenberg _v19379 |
|
| 856 | 4 | 0 | _uhttp://www.gutenberg.org/ebooks/19379 |
| 942 | _cEB | ||
| 999 |
_c248634 _d248634 |
||